000 00584cam a22002171i 4500
001 sa 68011929
003 DLC
005 20260227112605.0
008 890514s1966 io 000 0 ind
010 _asa 68011929
035 _a(OCoLC)23544203
040 _aDLC
_cMiU
_dOAU
_dDLC
042 _apremarc
050 0 0 _aBP178
_b.A75 1966
100 2 _aAsh Shiddieqy, M. Hasbi,
_cT.,
_d1906-
245 1 0 _aPedoman shalat /
_cT. M. Hasbi Ash-Shiddieqy.
250 _aTjet. 6.
260 _aDjakarta :
_bBulan Bintang,
_c1966.
300 _a639 p. ;
_c22 cm.
650 0 _aPrayer
_xIslam.
999 _c84193
_d84193